Estonian Identity Construction Between Nation Branding and Building

Budovanie národnej identity. Budovanie národnej značky v období post-socializmu. Budovanie estónskej národnej značky a snaha o zviditeľnenie na medzinárodnej scéne. Projekt Enterprise Estonia na podporu rozvoja podnikania a regiónu.

Saved in:
Bibliographic Details
Main Author: Polese, Abel
Other Authors: Ambrosio, Thomas, Kerikmäe, Tanel
Format: Book Chapter
Language:English
Subjects:
Tags: Add Tag
No Tags, Be the first to tag this record!

MARC

LEADER 00000naa a2200000 4500
001 0267128
005 20200716132124.8
041 0 |a eng 
044 |a CZ 
245 1 0 |a Estonian Identity Construction Between Nation Branding and Building  |c Abel Polese, Thomas Ambrosio, Tanel Kerikmäe 
520 |a Budovanie národnej identity. Budovanie národnej značky v období post-socializmu. Budovanie estónskej národnej značky a snaha o zviditeľnenie na medzinárodnej scéne. Projekt Enterprise Estonia na podporu rozvoja podnikania a regiónu. 
610 2 0 |a identita 
610 2 0 |a značky 
610 2 0 |a štát 
610 2 0 |a budovanie značky 
610 2 0 |a konkurencieschopnosť 
610 2 0 |a Estónsko 
100 1 |a Polese, Abel 
700 1 |a Ambrosio, Thomas 
700 1 |a Kerikmäe, Tanel